[Event "United Insurance 4th"]
[Site "Dhaka"]
[Date "1999.02.23"]
[Round "5"]
[White "Abdulla, Al Rakib"]
[Black "Short, Nigel D"]
[Result "0-1"]
[WhiteElo "2406"]
[BlackElo "2697"]
[Annotator "Hecht,H"]
[PlyCount "138"]
[EventDate "1999.02.19"]
[EventType "tourn"]
[EventRounds "13"]
[EventCountry "BAN"]
[EventCategory "10"]
[SourceTitle "CBM 070"]
[Source "ChessBase"]
[SourceDate "1999.06.08"]
[SourceVersion "1"]
[SourceVersionDate "1999.06.08"]
[SourceQuality "1"]

1. d4 e6 2. Nf3 c5 3. c3 Nf6 4. Bg5 cxd4 5. cxd4 Nc6 6. Nc3 Bb4 7. Rc1 h6 8.
Bxf6 Qxf6 9. e3 O-O 10. Bd3 d5 11. a3 Bd6 12. O-O Rd8 13. Qe2 Bd7 14. Rfd1 Rac8
15. e4 Nxd4 16. Nxd4 Qxd4 17. exd5 Qe5 18. Qxe5 Bxe5 19. Be4 Bxc3 20. Rxc3 Rxc3
21. bxc3 Rb8 22. f4 g6 23. c4 b6 24. Kf2 Rc8 25. Rc1 Kf8 26. Ke3 Ke7 27. Kd4
Kd6 28. h4 h5 29. g3 Rc5 30. Rc3 Ra5 31. Re3 Bc8 32. Rc3 exd5 33. Bxd5 Be6 34.
Be4 Ke7 35. Bf3 Kf6 36. Be4 Rc5 37. Bf3 Kf5 38. Be2 Ra5 39. Bd1 Kf6 40. Re3 Ke7
41. Rc3 Rc5 42. Be2 Kd6 43. Bf3 f6 44. Be2 Bf7 45. Rf3 Be6 46. Rc3 Rc7 47. Re3
Bf7 48. Bd3 Rc5 49. Be2 Ra5 50. Bd1 g5 51. hxg5 fxg5 52. fxg5 Rxg5 53. Be2 Be6
54. Kc3 Bg4 55. Bxg4 Rxg4 56. Kb4 a6 57. Rd3+ Kc6 58. Kc3 Rg5 59. Kb4 Rf5 60.
Rd8 a5+ 61. Kc3 Rf3+ 62. Rd3 Rxd3+ 63. Kxd3 {[#]} Kc5 64. Kc3 b5 65. cxb5 Kxb5
66. Kb3 a4+ {[#]} 67. Kc3 $4 {[%mdl 20480]} (67. Kb2 $3 Kb6 $1 {Hier behauptet
Schwarz die Fernopposition.} (67... Kc6 68. Kc2 Kd6 69. Kd2 {dagegen ist remis
mittels Fernopposition mit Übergang in die Nahopposition, falls erforderlich.})
68. Kc2 Kc6 69. Kd2 Kd6 {[#] und nun muß sich Weiß entscheiden:} 70. Ke3 $3 {
umgeht das kritische Feld d3 und steuert direkt den Bh5 an, wonach für Schwarz
der Weg zum Ba3 um ein Tempo zu lang wird, um gewinnen zu können.} (70. Ke2 Kc5
71. Kd3 Kd5 $19 {Partie}) (70. Kc3 Kc5 71. Kd3 Kd5 $19 {Partie}) (70. Kc2 Ke5
71. Kd3 Kd5 $19 {Partie}) 70... Ke5 71. Kf3 Kf5 (71... Kd4 72. Kf4 Kc3 73. Kg5
Kb3 74. Kxh5 Kxa3 75. g4 Kb4 76. g5 $11) 72. Ke3 Kg4 73. Kf2 $11) 67... Kc5 68.
Kd3 Kd5 69. Kd2 (69. Ke3 Kc4 70. Kf4 Kb3 71. Kg5 Kxa3 72. Kxh5 Kb4 73. g4 a3
$19) (69. Kc3 Ke4 70. Kb4 Kf3 71. Kxa4 Kxg3 72. Kb5 h4 73. a4 h3 $19) 69... Kd4
0-1

[Event "Ashkhabad-A"]
[Site "Ashkhabad"]
[Date "1996.??.??"]
[Round "2"]
[White "Ahundov, Ruslan"]
[Black "Komliakov, Viktor"]
[Result "0-1"]
[WhiteElo "2405"]
[BlackElo "2500"]
[Annotator "Hecht,H"]
[PlyCount "96"]
[EventDate "1996.??.??"]
[EventType "tourn"]
[EventRounds "13"]
[EventCountry "TKM"]
[EventCategory "9"]
[SourceTitle "CBM 053"]
[Source "ChessBase"]
[SourceDate "1996.08.01"]
[SourceVersion "1"]
[SourceVersionDate "1996.08.01"]
[SourceQuality "1"]

1. d4 d6 2. Nf3 Nf6 3. Bg5 Nbd7 4. Nc3 c6 5. Qd2 Qc7 6. Rd1 b5 7. a3 Bb7 8. e3
a6 9. Be2 e5 10. dxe5 dxe5 11. O-O Be7 12. Nh4 g6 13. f4 h6 14. Bxf6 Nxf6 15.
Nf3 Rd8 16. Qc1 Rxd1 17. Bxd1 exf4 18. exf4 Qb6+ 19. Kh1 Ng4 20. h3 Qe3 21. Be2
h5 22. Qxe3 Nxe3 23. Re1 c5 24. Bd3 c4 25. Be4 Bxe4 26. Nxe4 O-O 27. Nd4 f5 28.
Nc3 Bf6 29. Nce2 Re8 30. c3 h4 31. Kh2 Nd5 32. Rf1 Re3 33. Rf3 Bxd4 34. Nxd4
Rxf3 35. gxf3 {[%csl Rb2,Rf4,Rh3] [#] viele weiße Bauernschwächen führen zu
doppeltem B-Verlust} Nxf4 36. b3 (36. Nc6 Nd3 37. Nb8 Nxb2 38. Nxa6 Nd1 39. Nc7
Nxc3 40. Kg2 Kf7 41. Kf2 Ke7 42. Ke3 Kd7 $19) 36... cxb3 37. Nxb3 Nd5 38. Nc5
Nxc3 39. Nxa6 Nb1 40. Kg2 Nxa3 $19 41. Kf2 Nc2 42. Ke2 b4 43. Nc5 Nd4+ 44. Ke3
b3 45. Nd3 Ne6 46. f4 Nc5 47. Nb2 Kg7 48. Kd4 Ne4 0-1

[Event "Bermuda-A"]
[Site "Bermuda"]
[Date "1995.??.??"]
[Round "2"]
[White "Vescovi, Giovanni P"]
[Black "Ivanov, Alexander"]
[Result "1-0"]
[WhiteElo "2465"]
[BlackElo "2515"]
[Annotator "Hecht,H"]
[PlyCount "131"]
[EventDate "1995.01.??"]
[EventType "tourn"]
[EventRounds "9"]
[EventCountry "BER"]
[EventCategory "10"]
[SourceTitle "CBM 046"]
[Source "ChessBase"]
[SourceDate "1995.06.01"]
[SourceVersion "1"]
[SourceVersionDate "1995.06.01"]
[SourceQuality "1"]

1. d4 Nf6 2. Nf3 e6 3. Bg5 h6 4. Bh4 c5 5. c3 Qb6 6. Qb3 d5 7. Nbd2 Qxb3 8.
axb3 Nc6 9. e3 g5 10. Bg3 Nh5 11. dxc5 Bxc5 12. b4 Nxg3 13. hxg3 Be7 14. b5 Nb8
15. e4 g4 16. Nd4 dxe4 17. Nxe4 b6 18. Nd2 Bb7 19. Nc4 Nd7 20. Nc6 a6 21. Ne3
axb5 22. Rxa8+ Bxa8 23. Bxb5 Nf6 24. Ne5+ Kf8 25. O-O Kg7 26. Ra1 Bd6 27. N3c4
Bxe5 28. Nxe5 Be4 29. Ra7 Bg6 30. Bc4 Re8 31. Rb7 Ne4 32. Rxb6 Rd8 33. Bd3 Rd5
34. Bxe4 Bxe4 35. Nxg4 Rd1+ 36. Kh2 Rd2 37. Rb4 Bd5 38. c4 Be4 39. c5 Bd5 40.
Rb8 h5 41. Ne3 Rxf2 42. Nxd5 exd5 43. b4 Rc2 44. Rd8 (44. Rb6 d4 $10 45. c6 d3)
44... Rc4 45. Rxd5 Rxb4 46. Rxh5 $18 {Weiss deckt seine c-P von der Seite.
Schwarz sucht sein Gegenspiel im Druck gegen die beiden g-P.} Rc4 47. Kh3 Kg6
48. g4 Rc3+ 49. Kh4 Rc2 50. Kg3 Rc3+ 51. Kf4 Rc4+ 52. Kf3 Rc3+ 53. Ke4 Rc4+ 54.
Kd5 Rxg4 55. Rh2 $6 (55. Re5 $5 Rxg2 56. c6 Rd2+ 57. Kc5 Rd8 (57... f5 58. c7
Kf6 59. Rd5 Rc2+ 60. Kd6 Rxc7 61. Kxc7 Ke6 62. Kc6 f4 63. Kc5 f3 64. Rd3 $18)
58. c7 Rh8 59. Kd6 f5 60. Rc5 Kg5 61. c8=Q Rxc8 62. Rxc8 f4 63. Rf8 Kg4 64. Ke5
f3 65. Ke4 $18) 55... Kf6 56. Kd6 Rd4+ 57. Kc7 Rd2 58. c6 Ke7 59. Kc8 Rc2 60.
c7 Rb2 61. Rh6 {Bereitet eine 'Brücke' oder eine 'Sperre' auf b6 vor.} f6 (
61... Rxg2 62. Rb6 {Schützt den wK vor Rückenschachs.} f5 63. Kb7 Rg8 64. c8=Q
Rxc8 65. Kxc8 f4 66. Rb4 $18) 62. Rh7+ Ke8 63. Rg7 Kf8 64. Rg4 Ke7 65. Re4+ Kf7
66. g4 (66. Kd7 Rd2+ 67. Kc6 Rc2+ 68. Kd6 Rc1 (68... Rd2+ 69. Kc5 Rc2+ 70. Rc4
{Sperre vor dem Rückenschach.}) 69. Rd4 f5 70. Rd5 $16 {/\Rc5}) 1-0

[Event "Belfort Comtois 4th"]
[Site "Belfort"]
[Date "1999.12.16"]
[Round "4"]
[White "Hauchard, Arnaud"]
[Black "Bologan, Viktor"]
[Result "0-1"]
[WhiteElo "2518"]
[BlackElo "2620"]
[Annotator "Hecht,H"]
[PlyCount "108"]
[EventDate "1999.12.13"]
[EventType "tourn"]
[EventRounds "6"]
[EventCountry "FRA"]
[EventCategory "15"]
[SourceTitle "CBM 075"]
[Source "ChessBase"]
[SourceDate "2000.04.05"]
[SourceVersion "1"]
[SourceVersionDate "2000.04.05"]
[SourceQuality "1"]

1. d4 Nf6 2. Bg5 e6 3. Nd2 h6 4. Bh4 c5 5. e3 cxd4 6. exd4 Be7 7. Ngf3 b6 8.
Bd3 Bb7 9. O-O O-O 10. Re1 d6 11. Bxf6 Bxf6 12. Be4 d5 13. Bd3 Ba6 14. Bxa6
Nxa6 15. c3 Nc7 16. Ne5 Nb5 17. Ng4 Be7 18. Qe2 Nd6 19. Ne3 Re8 20. Qa6 Qd7 21.
a4 Rec8 22. Qd3 Rc7 23. Rec1 Rac8 24. Kf1 Rc6 25. Rc2 Qb7 26. Ke2 R6c7 27. Kd1
a6 28. g3 b5 29. axb5 axb5 30. Ke2 b4 31. cxb4 Rxc2 32. Nxc2 Nf5 33. Kd1 Bxb4
34. Qa6 Rb8 35. Qxb7 Rxb7 36. Nf1 Be7 37. Kc1 Bg5+ 38. Nfe3 h5 39. Ra4 h4 40.
Kb1 Nxe3 41. fxe3 hxg3 42. hxg3 {[%csl Re3,Rg3] [#] Weiß steht angesichts der
zahlreichen Bauernschwächen klar auf Verlust. Schwarz operiert zunächst allein
mit König und Läufer. Den Rest besorgt der Turm.} Kh7 43. b4 Kg6 44. Kb2 Kh5
45. Kb3 Be7 46. Ra1 Kg4 47. Kc3 g5 48. Rg1 Bd6 49. Kd3 Bxg3 50. e4 dxe4+ 51.
Kxe4 f5+ 52. Kd3 Kf3 53. Ne3 Bf2 54. Rf1 Rxb4 (54... Rxb4 55. Nd1 Rxd4+ 56. Kc2
Rxd1 57. Rxd1 g4) 0-1

[Event "Cancan Veterans-Women"]
[Site "Roquebrune"]
[Date "1998.09.15"]
[Round "8"]
[White "Zhu, Chen"]
[Black "Taimanov, Mark E"]
[Result "1-0"]
[WhiteElo "2480"]
[BlackElo "2455"]
[Annotator "Hecht,H"]
[PlyCount "195"]
[EventDate "1998.09.07"]
[EventType "schev"]
[EventRounds "12"]
[EventCountry "FRA"]
[SourceTitle "CBM 067"]
[Source "ChessBase"]
[SourceDate "1998.11.30"]
[SourceVersion "2"]
[SourceVersionDate "1998.11.01"]
[SourceQuality "1"]

1. d4 Nf6 2. Nf3 e6 3. Bg5 c5 4. e3 b6 5. d5 d6 6. Bxf6 Qxf6 7. Bb5+ Bd7 8.
Bxd7+ Nxd7 9. Nc3 e5 10. Nd2 Be7 11. h4 Qg6 12. g4 f5 13. gxf5 Qxf5 14. Nde4
Nf6 15. Ng3 Qg4 16. Qxg4 Nxg4 17. Ke2 Kd7 18. Rag1 Nf6 19. h5 Rhg8 20. Nge4
Nxe4 21. Nxe4 Raf8 22. Rg4 Rf5 23. Ng3 Rg5 24. Re4 h6 25. b4 cxb4 26. Rxb4 Rc8
27. Rc1 Bd8 28. c4 Rg4 29. Kd3 Rh4 30. Rbb1 Rh2 31. Rc2 Bh4 32. Ne4 Rf8 33. Rg1
Rf7 34. Rcc1 Be7 35. Rh1 Rxh1 36. Rxh1 Rf5 37. Rh2 Bf8 38. Ng3 Rf7 39. Ke4 Ke8
40. Rg2 Rc7 41. Kd3 b5 42. cxb5 Rc5 43. e4 Rxb5 44. Nf5 Ra5 45. Nxg7+ Kf7 46.
Ne6 Rxa2 47. Nxf8 Kxf8 48. Rg6 Ra3+ 49. Ke2 Ra6 50. Rxh6 Kg7 51. Rg6+ Kh7 52.
Re6 Rb6 53. Re7+ Kh6 54. Rxa7 Kxh5 55. Rg7 Kh6 56. Rg8 Rb3 57. f3 Rb2+ 58. Ke3
Kh5 59. Rc8 Rb3+ 60. Kf2 Kg5 61. Kg3 Kf6 62. Rc6 Ke7 63. Rc7+ Kf6 64. Rd7 Rb6
65. Kg4 Ra6 66. Rh7 Ra3 67. Rh8 Ke7 68. f4 exf4 69. Kf5 f3 70. Rh7+ Kd8 71. Ke6
Re3 72. Kxd6 Rxe4 73. Rf7 Ke8 74. Rxf3 {[#] Die Stellung ist remis. Logisch
ist jedenfalls Te1.} Rh4 75. Rg3 Rd4 76. Rg8+ Kf7 77. Rd8 Ra4 $8 78. Rc8 Rd4 $8
79. Rd8 Ra4 80. Rb8 Rd4 81. Rc8 Rd1 82. Rc2 Ke8 $8 83. Kc6 Ke7 {oder Kd8/Td3/
Td4/Ta1} 84. Re2+ Kd8 $8 85. Rh2 {[#]} Rc1+ $2 {Nachdem Taimanov etliche Male
die einzigen Züge gemacht hatte, greift er nun überraschenderweise fehl. Der
Turm m u Я h i n t e r dem d-Bauern bleiben. Logisch war also Ke7. Es ging
auch Ke8 und eben Td3 oder Td4. Nach dem Fehler signalisiert die ENDSPIEL-CD:
Gewinn für Weiß in 17 Zügen. Zhu Chen schafft das dann auch - mit des Gegners
Hilfe!! Im Endspiel Turm+Bauer gegen Turm kennen alle Spieler das Sperren des
Königs auf der 6.Reihe. Wenn das wie hier nicht möglich ist, hält die
Hinterstellung des Turms (also hinter den d-Bauern) ebenso elemantar remis.
Das gehört bei Turmendspielen zum Basiswissen!} 86. Kd6 Kc8 87. Rh8+ Kb7 88.
Kd7 Rc7+ 89. Ke6 Rg7 {[#]} 90. Re8 $2 {Gerade weil der Turm auf der h-Linie so
gut steht, gewinnt Weiß. Könnte Schwarz seinen Turm dort plazieren, würde er
weit genug vom König entfernt stehen und mit seiner Schachkanonade remis
halten. Diese wichtige Linie bietet Zhu Chen ihrem Gegner an, der ladylike
ablehnt!} (90. d6 $8 $18) 90... Rg5 $2 (90... Rg6+ $8 91. Kd7 Rh6 $8 $11) 91.
d6 Rg6+ 92. Kd7 $2 (92. Ke7 $1 Rg7+ 93. Kf6 Rd7 94. Ke6 Rh7 95. d7 $18) 92...
Rg1 $2 {Noch einmal schlägt Taimanov das chinesische Angebot aus und begeht
seinen dritten Fehler.} (92... Rh6 $8 $11) 93. Re7 $2 {Es gewönne jeder
Königszug wie etwa Kd8 und die Hälfte aller Turmzüge wie etwa Tf8 oder Th8.
Die Chinesin kennt sich nicht aus - und Taimanov auch nicht. Deshalb ist das
schließliche Endresultat 1-0 wohl eher zufällig...} Rg8 $2 (93... Rh1 $8 $11 {
Merkregel: Der Turm postiert sich am besten möglichst weit entfernt vom König,
und zwar was die Linien wie die Reihen anbelangt. Auf diese Weise werden die
Schachs effektiv und gehen nur dann aus, wenn sich der König dem Turm nähert
und damit aber seinen Bauern nicht mehr unterstützen kann. Diese einfache
Logik sich zu verinnerlichen sollte nicht schwer fallen.}) 94. Rh7 {Aha!} Rf8
95. Ke7 Rf1 96. d7 {einfacher war:} (96. Ke8+ Kc6 97. d7 Re1+ 98. Re7 Rh1 99.
Re6+) 96... Re1+ 97. Kd8 Kc6 {Ergibt sich quasi kampflos.} (97... Rg1 $142 98.
Rh4 Rb1 99. Re4 Rh1 100. Rb4+ Ka6 101. Kc7 Rc1+ 102. Kd6 Rd1+ 103. Kc6 Rc1+
104. Kd5 Rd1+ 105. Rd4 $18 {der altbekannte Brückenbau!}) 98. Kc8 {Uff! 98...
Ta1 99.Th6+ wollte er sich nicht mehr zeigen lassen. Selbst wenn gegen
Partieschluß horrende Zeitnot vorgelegen haben sollte, sind die beiderseits
gemachten Fehler kaum entschuldbar. Bei einem gesicherten Basiswissen braucht
man halt auch nur Sekunden, um die richtige Zügewahl zu treffen!} 1-0

[Event "Reykjavik zt playoff"]
[Site "Reykjavik"]
[Date "1995.??.??"]
[Round "?"]
[White "Djurhuus, Rune"]
[Black "Olafsson, Helgi"]
[Result "0-1"]
[WhiteElo "2495"]
[BlackElo "2520"]
[Annotator "Hecht,H"]
[PlyCount "182"]
[EventDate "1995.04.??"]
[EventType "tourn"]
[EventRounds "5"]
[EventCountry "ISL"]
[EventCategory "12"]
[SourceTitle "CBM 047"]
[Source "ChessBase"]
[SourceDate "1995.08.01"]
[SourceVersion "1"]
[SourceVersionDate "1995.08.01"]
[SourceQuality "1"]

1. d4 Nf6 2. Bg5 e6 3. e4 h6 4. Bxf6 Qxf6 5. Nf3 d6 6. Nc3 g5 7. h3 Bg7 8. Qd2
a6 9. O-O-O Nc6 10. e5 dxe5 11. dxe5 Qe7 12. Ne4 Qb4 13. Qd3 Ke7 14. a3 Qa4 15.
Qe3 b6 16. g3 Bb7 17. Bg2 Rhd8 18. Nc3 Qa5 19. Nd4 Rxd4 20. Rxd4 Nxd4 21. Bxb7
Rd8 22. f4 Qc5 23. Kb1 a5 24. Be4 Nb3 25. Re1 Nd2+ 26. Kc1 Qxe3 27. Rxe3 Nc4
28. Re2 gxf4 29. gxf4 h5 30. b3 Nxa3 31. Kb2 b5 32. Kxa3 b4+ 33. Kb2 bxc3+ 34.
Kxc3 {RB<->RB Motive: ungleiche L, B-Gewinne für Schwarz mit taktischen
Mitteln(Zug 39/61), aktiver sK vs. passiver wK} Bh6 35. f5 exf5 36. Bxf5 Rd5
37. Kc4 c6 38. Bc8 Bg7 39. e6 (39. Bb7 $5 Kd7 40. Rf2 $5) 39... Kd6 $1 40. b4
Rd4+ 41. Kb3 Rxb4+ 42. Ka3 fxe6 43. Bxe6 Bb2+ 44. Ka2 Be5 45. Bf7 Ra4+ 46. Kb3
Rh4 47. Re3 a4+ 48. Ka3 Bd4 49. Rd3 Ke7 50. Rf3 (50. Bxh5 Bc5+ $19) 50... Bf6
51. Ba2 Re4 52. c4 Re2 53. Bb1 Re1 54. Ba2 Ra1 55. Rf2 Bd4 56. Rd2 Bc5+ 57.
Kxa4 Kf6 58. Kb3 Rh1 59. Rd3 Ke5 60. Kc3 Ke4 61. Rg3 Bf2 62. Rg2 (62. Rd3 Be1+
63. Kc2 Rh2+ $19) 62... Bd4+ 63. Kb4 c5+ 64. Kb5 Rxh3 65. Bb1+ Kf4 66. Bg6 h4
67. Bf7 Rb3+ 68. Kc6 Rg3 69. Rh2 h3 70. Be6 Rg6 71. Kd5 Rxe6 72. Rxh3 Re5+ 73.
Kc6 Ke4 74. Kd6 Rg5 75. Kc6 Rg8 76. Kb5 Rb8+ 77. Kc6 Rb4 78. Rh4+ Kd3 79. Kd5
Be3 80. Rh3 Rb8 81. Rg3 Rh8 82. Kc6 Kd4 83. Rg4+ Kc3 84. Rg3 Re8 85. Kd5 Kb4
86. Rg7 Rd8+ 87. Ke4 Bd4 88. Ra7 Kxc4 89. Ra4+ Kb3 90. Ra7 c4 91. Rb7+ Kc2 0-1

[Event "Platonov Memorial"]
[Site "Kiev"]
[Date "1995.??.??"]
[Round "2"]
[White "Sergeev, Vladimir"]
[Black "Komarov, Dimitri"]
[Result "0-1"]
[WhiteElo "2415"]
[BlackElo "2575"]
[Annotator "Hecht,H"]
[PlyCount "128"]
[EventDate "1995.??.??"]
[EventType "tourn"]
[EventRounds "13"]
[EventCountry "UKR"]
[EventCategory "10"]
[SourceTitle "CBM 051"]
[Source "ChessBase"]
[SourceDate "1996.04.01"]
[SourceVersion "1"]
[SourceVersionDate "1996.04.01"]
[SourceQuality "1"]

1. d4 Nf6 2. Nf3 e6 3. Bg5 h6 4. Bh4 b6 5. e3 Bb7 6. Nbd2 d6 7. Bb5+ Nbd7 8.
Bxf6 Qxf6 9. Qe2 a6 10. Bd3 g6 11. c3 Bg7 12. O-O O-O 13. Rad1 Qe7 14. Be4 d5
15. Bc2 c5 16. Rfe1 Rfc8 17. a3 b5 18. Nb3 a5 19. e4 b4 20. cxb4 cxb4 21. a4
dxe4 22. Bxe4 Bxe4 23. Qxe4 Qe8 24. d5 Nf6 25. Qh4 Qxa4 26. Nfd4 Nxd5 27. Ra1
Qd7 28. Rxa5 Rxa5 29. Nxa5 g5 30. Qe4 Nf6 31. Qb7 Qxb7 32. Nxb7 Ne8 33. Nb3
Bxb2 34. h4 Nf6 35. hxg5 hxg5 36. N7c5 Rd8 37. Kf1 Bc3 38. Rc1 Kg7 39. Ke2 Kg6
40. g3 Ra8 41. Rc2 Ra3 42. Kd3 Nd7 43. Kc4 Nxc5 44. Nxc5 Ra8 45. g4 Rd8 46. f3
Rd4+ 47. Kb3 Rd2 48. Rxd2 Bxd2 49. Ne4 Bc3 50. Kc4 f6 51. Nc5 Kf7 52. Ne4 Ke7
53. Kd3 Kd7 54. Nxc3 bxc3 {B-B: 2-3 am K-Flügel, Raum, Umgehung, Opposition}
55. Kxc3 Kd6 56. Kd4 f5 57. gxf5 exf5 58. Kd3 (58. Ke3 Kc5 (58... Ke5 $2 59.
f4+ $1 $10) 59. Kd3 Kd5 60. Kc3 Ke5 61. Kd3 Kf4 62. Ke2 Kg3 63. Ke3 f4+ $19)
58... Kd5 59. Ke3 Kc4 $1 {Umgehung} 60. Kd2 Kd4 61. Ke2 Kc3 62. Ke3 Kc2 (62...
f4+ $19) 63. Kd4 Kd2 64. Ke5 f4 0-1

[Event "Maribor Pirc Memorial"]
[Site "Maribor"]
[Date "1996.??.??"]
[Round "?"]
[White "Gostisa, Leon F"]
[Black "Podlesnik, Bogdan"]
[Result "1/2-1/2"]
[WhiteElo "2425"]
[BlackElo "2410"]
[Annotator "Hecht,H"]
[PlyCount "157"]
[EventDate "1996.05.??"]
[EventType "tourn"]
[EventRounds "11"]
[EventCountry "SLO"]
[EventCategory "10"]
[SourceTitle "CBM 055"]
[Source "ChessBase"]
[SourceDate "1996.12.01"]
[SourceVersion "1"]
[SourceVersionDate "1996.12.01"]
[SourceQuality "1"]

1. d4 Nf6 2. Nf3 e6 3. g3 c5 4. Bg2 cxd4 5. O-O d5 6. Nxd4 Qb6 7. Nb3 Nc6 8. a4
Be7 9. Nc3 O-O 10. h3 Rd8 11. Bf4 e5 12. a5 Qa6 13. Bg5 d4 14. Na4 Bf5 15. f4
exf4 16. Bxf4 Bg6 17. Nac5 Qb5 18. Nd3 Rac8 19. Kh2 Be4 20. Bf3 a6 21. Rf2 Bd5
22. Qh1 Bxb3 23. cxb3 Qxb3 24. Rff1 Nd5 25. Rfc1 Nxf4 26. gxf4 Qe6 27. Qg2 Bd6
28. Kh1 Qh6 29. Qg4 Rf8 30. Kg2 Rce8 31. Qg5 Qxg5+ 32. fxg5 Rc8 33. Ra4 Rfe8
34. Kf1 Kf8 35. Bxc6 Rxc6 36. Rxc6 bxc6 37. Rxd4 Ke7 38. Rh4 Rh8 39. Nb4 c5 40.
Re4+ Kd7 41. Nd5 h6 42. Nb6+ Kc6 43. Rg4 hxg5 44. Rxg5 g6 45. Kg2 Rh4 46. Nc8
Bf4 47. Rg4 Rxg4+ 48. hxg4 Bc7 49. Kf3 Kd7 50. Nb6+ Bxb6 51. axb6 {[#]
Tempofrage; weißer e7-Bauer vs Dame remis wegen zusätzlichem g-Bauern-Pärchen;
D-D bleibt remis} Kc6 52. Ke4 a5 53. Ke5 Kxb6 54. e4 c4 {[#]} 55. Kf6 a4 56.
Kxf7 a3 57. bxa3 c3 58. e5 c2 59. e6 c1=Q 60. e7 Qf4+ 61. Kg7 Qe5+ 62. Kf7 Qd5+
63. Kf8 Qd6 64. Kf7 Qd7 65. Kf8 Qxg4 66. e8=Q Qf4+ 67. Kg7 g5 68. Qe6+ Kc5 69.
Qh6 Qe5+ 70. Kg6 g4 71. Qc1+ Kb5 72. a4+ Kb4 73. Qd2+ Kc4 74. Qc2+ Kd5 75. a5
g3 76. a6 Qe6+ 77. Kg5 Qxa6 78. Qg2+ Ke6 79. Qxg3 1/2-1/2

[Event "GER-ch 70th"]
[Site "Bremen"]
[Date "1998.11.06"]
[Round "1"]
[White "Glienke, Manfred"]
[Black "Hertneck, Gerald"]
[Result "0-1"]
[WhiteElo "2395"]
[BlackElo "2555"]
[Annotator "Hertneck,G"]
[PlyCount "130"]
[EventDate "1998.11.06"]
[EventType "swiss"]
[EventRounds "9"]
[EventCountry "GER"]
[SourceTitle "CBM 068"]
[Source "ChessBase"]
[SourceDate "1999.02.01"]
[SourceVersion "1"]
[SourceVersionDate "1999.02.01"]
[SourceQuality "1"]

1. d4 Nf6 2. c3 d6 3. Nf3 Nbd7 4. Bf4 Nh5 $5 {Ein interessantes Konzept:
Schwarz verhindert den üblichen Standardaufbau mit h3 und Lh2. Der Zug wurde
in der Praxis noch nicht ernsthaft erprobt} 5. Bd2 g6 (5... f5 $5) 6. e4 Bg7 7.
Bd3 e5 $2 {Gibt Weiß Gelegenheit, seine Figurenaufstellung zu verbessern. Vor
e5 sollte daher h6 geschehen, um den Läuferausfall zu verhindern} 8. Bg5 Bf6 (
8... f6 9. Be3 Nf4) 9. Be3 Nf4 10. Bf1 $1 {Überraschend und stark. Nun wird
Schwarz wieder zurückgeworfen} g5 11. g3 Ng6 12. h3 Qe7 13. Qc2 h5 14. Na3 h4
15. g4 (15. Nb5 Nb6) 15... a6 16. O-O-O b6 17. Bd3 Bb7 18. Qd2 $2 {Gibt
Schwarz Gegenspiel. Weitaus stärker war The1} exd4 19. cxd4 Bxe4 20. Bxe4 Qxe4
21. Nxg5 Qd5 22. Nb1 $5 (22. Kb1) 22... Qxa2 23. Nc3 Qc4 24. Kb1 O-O-O 25. Rc1
Kb7 26. Rc2 $2 (26. Nge4) 26... Bxg5 $1 27. Bxg5 Rc8 28. Rhc1 f6 29. Be3 Rhf8
$1 {Mit der Idee f5. Schwarz hat sich in den letzten 10 Zügen sehr exakt
verteidigt und ist in Vorteil gekommen} 30. f4 f5 31. Qg2+ c6 $1 {Sieht wie
eine Schwächung aus, nimmt aber im Gegenteil noch mehr Felder unter Kontrolle}
32. gxf5 Ne7 33. Bf2 Nxf5 34. Qg4 Qd3 $2 35. Rd1 {Diesen einfache Antwort
hatte ich völlig übersehen. Weiß konsolidiert sich nun} Qc4 36. Bxh4 Qf7 37.
Bf2 d5 38. Rg1 Rg8 39. Qf3 Nh4 40. Qh1 Rh8 41. Rg4 Nf5 42. Qg2 Qh7 43. Rg5 Nf6
44. Ka2 Rc7 45. Re2 Nd6 46. h4 Nfe4 47. Nxe4 Nxe4 48. Rg4 Qf5 49. Qf3 Rhh7 50.
Be1 a5 51. Reg2 Rce7 52. Qb3 Nd6 53. Bxa5 Nb5 54. Bb4 Nxd4 55. Qa4 c5 56. Rg8
$2 {Zu gierig. Nach Lc3 hätte Schwarz maximal Remis} cxb4 $1 {Dem Mutigen
gehört die Welt!} 57. Qa8+ Kc7 58. Qa7+ Kc6 59. R2g6+ Ne6 60. Rxe6+ Qxe6 61.
Qa4+ Kc5 62. Qc2+ Kb5 63. Qd3+ Ka5 64. Rg5 Rd7 65. Re5 Qc6 0-1

[Event "Itau Mercosul Cup 3rd"]
[Site "Sao Paulo"]
[Date "1999.??.??"]
[Round "5"]
[White "Limp, Eduardo Thelio"]
[Black "Milos, Gilberto"]
[Result "0-1"]
[WhiteElo "2434"]
[BlackElo "2586"]
[Annotator "Hindemburg,Melao"]
[PlyCount "64"]
[EventDate "1999.10.??"]
[EventType "swiss"]
[EventRounds "9"]
[EventCountry "BRA"]
[SourceTitle "EXT 2000"]
[Source "ChessBase"]
[SourceDate "1999.11.16"]
[SourceVersion "1"]
[SourceVersionDate "1999.11.16"]
[SourceQuality "1"]

1. d4 Nf6 2. Nf3 e6 3. c3 b6 4. Bg5 h6 5. Bh4 Ba6 $1 6. Nbd2 Be7 7. Bxf6 {^^}
Bxf6 8. e4 Bxf1 9. Kxf1 O-O 10. g3 d5 11. e5 Be7 12. Kg2 c5 13. Qe2 Nc6 14. a3
$6 Qd7 15. Rhe1 Rfc8 16. b4 Nd8 17. Reb1 $6 cxd4 18. cxd4 {<-> c} Rc3 19. Rc1
Rxc1 $1 (19... Rac8 20. Rxc3 Rxc3 21. Nb1 Rc1 22. Qd2 Qc7 $17) 20. Rxc1 a5 $17
21. Rb1 axb4 22. axb4 Nc6 23. b5 Nb4 24. Nb3 Ra2 25. Qf1 Nc2 26. Qe2 Qc7 27.
Nfd2 Bb4 28. Qd3 Qc3 $19 29. Qxc3 Bxc3 30. Nf3 Na3 31. Rd1 Nxb5 32. Rd3 Kf8 0-1

[Event "Interpolis"]
[Site "Tilburg"]
[Date "1992.10.09"]
[Round "1.2"]
[White "Ligterink, Gert"]
[Black "Stohl, Igor"]
[Result "1-0"]
[WhiteElo "2430"]
[BlackElo "2560"]
[Annotator "Horn,Pe"]
[PlyCount "51"]
[EventDate "1992.10.08"]
[EventType "k.o."]
[EventRounds "7"]
[EventCountry "NED"]
[SourceTitle "CBM 032"]
[Source "ChessBase"]
[SourceDate "1993.02.01"]
[SourceVersion "1"]
[SourceVersionDate "1993.02.01"]
[SourceQuality "1"]

1. Nc3 c5 2. Nf3 d6 3. d4 (3. g3 $1 {Van Geet}) 3... cxd4 4. Nxd4 Nf6 5. g3 (5.
e4 {->Sizilianisch}) 5... Nc6 (5... g6 $5) 6. Bg2 Bd7 7. Bg5 $5 {N} (7. O-O a6
8. a4 e6 9. Nb3 $14 {Sydor-Adamski, Polen 1973}) 7... e6 $6 (7... a6 $14) 8.
Ndb5 $1 d5 $2 (8... Bc8 9. Bf4 e5 10. Bg5 $14) 9. e4 $1 a6 (9... dxe4 10. Nd6+
Bxd6 11. Qxd6 Qe7 12. Nxe4 Qxd6 13. Nxd6+ Ke7 14. Nxb7 Rhb8 15. Nc5 Rxb2 $2 16.
Nxd7 Kxd7 17. O-O-O+ $18) 10. Bxf6 gxf6 $8 11. exd5 axb5 (11... exd5 12. Nd4
$16) 12. dxc6 bxc6 (12... Bxc6 13. Bxc6+ bxc6 14. Qf3 Rc8 15. Rd1 Qe7 16. Ne4
$18) 13. O-O Be7 14. Qd4 c5 (14... O-O $2 15. Rad1 $18) (14... Qc7 $2 15. Nxb5)
15. Qe3 Rc8 16. Rad1 {/\ Nxb5} Qc7 17. Rfe1 {/\ Nd5} Bc6 18. Bxc6+ Qxc6 19. Qh6
f5 20. Qg7 Rf8 21. Qxh7 b4 22. Ne2 Ra8 23. Nf4 Rxa2 24. Nh5 {/\ Ng7#} Bd6 25.
Ng7+ Kd8 $8 26. Nxe6+ $1 (26. Nxe6+ fxe6 27. Rxe6 $18) 1-0